000
00248nam a2200097Ia 4500
001
685015
005
20250826161509.0
008
250824s9999 xx 000 0 und d
245
0
_a
KAYIP GÖLGELER KENTİ/N.ERAY/EVEREST
_c
NAZLI ERAY
260
_b
EVEREST
999
_c
685015
_d
685015